书目信息 |
| 题名: |
技术经济学
|
|
| 作者: | 刘宝平 编著 | |
| 分册: | ||
| 出版信息: | 北京 国防工业出版社 1999.01 |
|
| 页数: | 134页 | |
| 开本: | 16开 | |
| 丛书名: | ||
| 单 册: | ||
| 中图分类: | ||
| 科图分类: | ||
| 主题词: | 经济学--分支科学 | |
| 电子资源: | ||
| ISBN: | 7-118-02016-8 | |
| 000 | 00567nam0 2200205 45 | |
| 001 | 9911010931 | |
| 005 | 19991101095624.3 | |
| 010 | @a7-118-02016-8@d15.00元 | |
| 100 | @a19991101d1999 km y0chiy0120 ea | |
| 101 | @achi | |
| 105 | @a z 000yy | |
| 200 | 1 | @a技术经济学@AJi Shu Jing Ji Xue@f刘宝平等编著@FLiu Bao Ping Deng Bian Zhu |
| 210 | @a北京@c国防工业出版社@d1999.01 | |
| 215 | @a134页@d16开 | |
| 606 | 0 | @a经济学@x分支科学 |
| 690 | @v3 | |
| 690 | @aF062.4 | |
| 701 | @a刘宝平@4编著 | |
| 801 | @aCN@bPFTUser@c19991101 | |
| 905 | @f5@b41624-628@dF062.4@eL677 | |
| 技术经济学/刘宝平等编著.-北京:国防工业出版社,1999.01 |
| 134页;16开 |
| ISBN 7-118-02016-8:15.00元 |
| ● |
| 相关链接 |
|
|
|
正题名:技术经济学
索取号:F062.4/L677
 
预约/预借
| 序号 | 登录号 | 条形码 | 馆藏地/架位号 | 状态 | 备注 |
| 1 | 41624 | 200416246 | 社科库409/422社科库 38排4列1层/ [索取号:F062.4/L677] | 在馆 | |
| 2 | 41625 | 200416255 | 社科二线422/422社科库 16排1列5层/ [索取号:F062.4/L677] | 在馆 | |
| 3 | 41626 | 200416264 | 社科二线422/422社科库 16排1列5层/ [索取号:F062.4/L677] | 在馆 | |
| 4 | 41627 | 200416273 | 社科二线422/422社科库 16排1列5层/ [索取号:F062.4/L677] | 在馆 | |
| 5 | 41628 | 200416282 | 社科库409/409社科库 65排1列2层/ [索取号:F062.4/L677] | 在馆 |